000 00239 a2200097 4500
001 12728
100 _aHornby,A
245 _aOxford Advanced Learner Dictonary oof Current English
260 _a
_bOxford University
_c
090 _c9728
_d9728
942 _aNUST-CAE
_cM
_c36631
999 _c247801
_d247801